Veda v centre : stretnutia vo vedeckej kaviarni. 1. časť /
Saved in:
| Other Authors: | , |
|---|---|
| Format: | Book |
| Language: | Slovak |
| Published: |
Bratislava :
Centrum vedecko-technických informácií SR,
2011.
|
| Edition: | 1. vyd. |
| Subjects: | |
| ISBN: |
9788089354061 (brož.) |
| Physical Description: |
129 s. : fotogr., portréty ; 23 cm + CDK 4518 |
| Tags: |
Add Tag
No Tags, Be the first to tag this record!
|
Titul je dostupný aj v ... 

MARC
| LEADER | 00000nam a2200000 a 4500 | ||
|---|---|---|---|
| 001 | 000397113 | ||
| 005 | 20130104074226.0 | ||
| 008 | 120821s2011 xo co e 000 0 slo d | ||
| 020 | |a 9788089354061 (brož.) | ||
| 040 | |a SVKKK |b slo |c SVKKK |e AACR2 | ||
| 041 | 0 | |a slo | |
| 044 | |a xo |c SK | ||
| 072 | 7 | |a 00 |x Veda. Všeobecnosti. Základy vedy a kultúry. Vedecká práca |2 konspekt | |
| 080 | |a 001 |2 2001 | ||
| 080 | |a 001.891 |2 2001 | ||
| 080 | |a 001:005 |2 2001 | ||
| 080 | |a 62 |2 2001 | ||
| 080 | |a (058) |2 2001 | ||
| 245 | 0 | 0 | |a Veda v centre : |b stretnutia vo vedeckej kaviarni. |n 1. časť / |c [zostavili: Marta Bartošovičová, Alena Oravcová]. |
| 250 | |a 1. vyd. | ||
| 260 | |a Bratislava : |b Centrum vedecko-technických informácií SR, |c 2011. | ||
| 300 | |a 129 s. : |b fotogr., portréty ; |c 23 cm + |e CDK 4518 | ||
| 366 | |e 300 výtl. | ||
| 500 | |a Údaj o zost. prevzatý z tiráže | ||
| 650 | 0 | 7 | |a veda |2 SVKKKPH |
| 650 | 0 | 7 | |a vedecké výskumy |2 SVKKKPH |
| 650 | 0 | 7 | |a manažment vedy a výskumu |2 SVKKKPH |
| 650 | 0 | 7 | |a technika |2 SVKKKPH |
| 655 | 7 | |a ročenky |2 SVKKKPH | |
| 700 | 1 | |a Bartošovičová, Marta |4 com | |
| 700 | 1 | |a Oravcová, Alena |4 com | |
| 910 | |a svkkk | ||
| 919 | |a 978-80-89354-06-1 | ||
| 998 | |a BK | ||
| 090 | |g SCKHL |k Sklad Hlavná 10 prízemie |a IV.215591 |j 1039754 |i 2720271615 |s Absenčne | ||